| 000 | 00584nam a22001937a 4500 | ||
|---|---|---|---|
| 999 |
_c478659 _d478659 |
||
| 003 | NUST | ||
| 005 | 20180628044808.0 | ||
| 008 | 180628b ||||| |||| 00| 0 eng d | ||
| 020 | _a9780582871816 | ||
| 038 | _aArshad | ||
| 040 | _aNUST-Fiction | ||
| 082 |
_a808.042 _bPET |
||
| 100 |
_aPetelin, Roslyn _911319 |
||
| 245 |
_aThe professional writing guide : _bwriting well and knowing why/ _cRoslyn Petelin |
||
| 260 |
_aAustralia _bBussiness and professional publishing _c2004 |
||
| 300 |
_aix, 230p. : _e22 cm |
||
| 650 |
_aEnglish language--Rhetoric _910500 |
||
| 942 |
_cBK _2ddc |
||